000 00327nam a22001451a 4500
082 _aH 294.592 1
_bANI/V
100 _aAnirvan
245 _aVed-mimamsa (v.2)/
_cby Anirvan
260 _aDelhi:
_bNag,
_c2003.
300 _a443-941p.
650 _aHinduisim
650 _aReligion
650 _aVedic Literature
942 _cREF
999 _c49549
_d49549